zpět

Detail výsledku týmu

U Áji a Páji, Soběslav

Datum a čas kvízu

26 Celkem bodů Celkový počet nahraných bodů na tomto kvízu bez doplňovacích otázek.
9. Pořadí na kvízu Konečné umístění týmu na tomto kvízu.

Zaznamenané odpovědi

# Otázka Odpověď Body Výsledky
1. Jedna kavárna na Šumavě zařadi... o smažený sýr 1
2. Která první dáma se minulý týd... Brigitte Macron 1
3. „Mí rodiče celý můj život kont... Beckhamových 1
4. Nápojářská skupina Kofola zaví... Nobilis Tilia 0
5. Rvačky nejsou v NHL ničím neob... Florida Panthers, San Jose Sharks 0.5
6. Jak se jmenuje italský horolez... Reinhold Messner 1
7. Jak se trojslovně jmenuje tato... lezení na rychlost 1
8. Jak se jedním slovem nazývá ho... mačky 1
9. Za půl bodu napište jméno ikon... Matterhorn, Švýcarsko a Itálie 1
10. Jak se jmenuje fenomenální slo... B) Janja Garnbret 0